Mýto áno, mýtnici nie

Bibliographic Details
Main Author: Andrejčák, Tomáš (Author)
Format: Article
Language:Slovak
ISSN:1335-4620
Subjects:

MARC

LEADER 00000nab a2200000 a 4500
001 vtls000794297
003 SK-MaSNL
005 20260302154643.0
008 180206c2002 xo 0 slo
015 |a SNBRB2002/05-15520 
035 |a CLN000145952 
040 |a SNKBUCL  |b slo  |c SNKBUCL  |e AACR2 
041 0 |a slo 
044 |a xo  |c SK 
080 |a 336.283:625.711.3  |2 UDC-MRF-SK2 
080 |a 625.711.3  |2 UDC-MRF-SK2 
100 1 |a Andrejčák, Tomáš  |4 aut  |9 838458 
245 1 0 |a Mýto áno, mýtnici nie  |c Tomáš Andrejčák 
650 0 7 |a diaľnice  |x poplatky uživateľské dopravné  |x režim elektronický  |2 snkbucl  |9 851734 
650 0 7 |a poplatky užívateľské dopravné  |2 snkbucl  |9 27699 
655 7 |a články z novín a časopisov  |2 snkbucl  |9 267496 
773 0 |x 1335-4620  |t Profit  |g Roč. 10, č. 18 (2002), s. 16-17 
850 |a Slovenská národná knižnica v Martine 
852 |a SNK  |b KIS3GCP 
958 |a RBX 
999 |c 1369080  |d 1371010